Captain America Movies - Statistics

General Stats
  • This quiz has been taken 94 times
    87 since last reset
  • The average score is 7 of 9
Answer Stats
Year Chris Evans % Correct
2011 Captain America: The First Avenger
98%
2016 Captain America: Civil War
92%
2012 The Avengers
87%
2019 Avengers: Endgame
85%
2015 Avengers: Age of Ultron
83%
2018 Avengers: Infinity War
82%
2014 Captain America: The Winter Soldier
78%
2017 Spider-Man: Homecoming
28%
2019 Captain Marvel
23%
No matching quizzes found
Score Distribution
Percent of People with Each Score
Percentile by Number Answered
Your Score History
You have not taken this quiz since the last reset